000 00550nam a22001817a 4500
003 CEME
005 20210628205554.0
008 210308b xxu||||| |||| 00| 0 eng d
020 _a0-89006-680-9
040 _c.
082 _a621.3845 HES'L
100 _aHess, Garry C
_976078
245 _aLand-mobile radio system engineering
260 _aLONDON
_bARTECH HOUSE
_c1993
300 _a371P
650 _aMOBILE COMMUNICATION SYSTEMS MOBILE RADIO STATION SATELLITE SYSTEMS-LAND AND MOBILE LAND MOBILE RADIO PROPAGATION
_976079
942 _cBK
_2ddc
999 _c581505
_d581505